Loading...
| Science - Chemistry | 0 | 5 | 1 | 0 | 45 | 83 | 97.00 | 2 | 5 | 0.00 | 0.00 |
| Fine Arts - Classical Music | 0 | 2 | 0 | 2 | 20 | 123 | 129.50 | 0 | 2 | 0.00 | 0.00 |
| Science - Physics | 0 | 2 | 0 | 2 | 20 | 110 | 117.50 | 1 | 2 | 0.00 | 0.00 |
| Science - Biology | 0 | 3 | 3 | 0 | 15 | 85 | 88.33 | 2 | 3 | 0.00 | 0.00 |
| Other | 0 | 1 | 0 | 0 | 10 | 96 | 96.00 | 1 | 1 | 0.00 | 0.00 |
| History - Other | 0 | 1 | 0 | 0 | 10 | 64 | 64.00 | 1 | 1 | 0.00 | 0.00 |
| Fine Arts - Painting & Sculpture | 0 | 1 | 0 | 0 | 10 | 133 | 133.00 | 0 | 1 | 0.00 | 0.00 |
| History - American | 0 | 1 | 0 | 1 | 10 | 129 | 129.00 | 0 | 1 | 0.00 | 0.00 |
| Literature - European | 0 | 0 | 1 | 0 | -5 | 0.00 | 0 | 0 | 0.00 | 0.00 | |
| Science - Other | 0 | 0 | 1 | 0 | -5 | 0.00 | 0 | 0 | 0.00 | 0.00 |